Statistics for US University Rankings by NCAA Football Conference

Click here to take the quiz!

General Stats

  • This quiz has been taken 254 times
  • The average score is 12 of 23

Answer Stats

ConferenceUniversityStateRanking% Correct
Big 12University of Texas, AustinTX76
93%
Atlantic Coast (ACC)Duke UniversityNC9
88%
FBS IndependentsUniversity of Notre DameIN18
87%
Big 10Northwestern UniversityIL17
85%
PAC 12Stanford UniversityCA2
82%
Southeastern (SEC)Vanderbilt UniversityTN27
82%
Ivy LeagueHarvard UniversityMA1
81%
Mountain West (MWC)US Air Force AcademyCO43
70%
Conference USARice UniversityTX21
67%
Mid-American (MAC)Miami University, OhioOH185
60%
Big SkyMontana State UniversityMT427
60%
American Athletic (AAC)US Naval AcademyMD24
60%
SunbeltAppalachian State UniversityNC305
48%
Colonial Athletic (CAA)College of William and MaryVA47
36%
Mid-Eastern Athletic (MEAC)Howard UniversityDC388
29%
Missouri Valley Football (MVFC)Illinois State UniversityIL340
28%
SouthernFurman UniversitySC127
23%
Patriot LeagueColgate UniversityNY46
22%
NortheastBryant UniversityRI203
18%
Pioneer Football LeagueDavidson CollegeNC48
17%
Ohio ValleyBelmont UniversityTN318
15%
SouthlandAbilene Christian UniversityTX441
9%
FCS IndependentsPresbyterian CollegeSC310
9%

Score Distribution

Percentile by Number Answered

Percent of People with Each Score

Your Score History

You have not taken this quiz